[Event "chess.com SpeedChess Q1Sw"]
[Site "chess.com INT"]
[Date "2022.11.10"]
[Round "1"]
[White "Naroditsky, Daniel"]
[Black "Pichot, Alan"]
[Result "1/2-1/2"]
[WhiteTitle "GM"]
[BlackTitle "GM"]
[WhiteElo "2617"]
[BlackElo "2637"]
[WhiteFideId "2026961"]
[BlackFideId "110973"]
[EventDate "2022.11.10"]

1. d4 Nf6 2. Nc3 d5 3. Bf4 e6 4. Nb5 Na6 5. e3 Be7 6. Nf3 O-O 7. h3 Ne4 8. Nd2
Nxd2 9. Qxd2 c6 10. Nc3 Nc7 11. Bd3 Bd6 12. O-O Re8 13. Bxd6 Qxd6 14. e4 e5 15.
dxe5 Rxe5 16. f4 Re8 17. e5 Qh6 18. Rae1 Bd7 19. Qf2 f6 20. exf6 Qxf6 21. f5 b6
22. Qg3 Rac8 23. Rxe8+ Nxe8 24. Nd1 Qd6 25. Qf2 Nf6 26. g4 Re8 27. Re1 Rxe1+ 28.
Qxe1 h6 29. c3 c5 30. Bf1 Bc6 31. Bg2 d4 32. Bxc6 Qxc6 33. cxd4 cxd4 34. Nf2 Qf3
35. Qe5 d3 36. Qd4 h5 37. Qxd3 Qxd3 38. Nxd3 hxg4 39. hxg4 Nxg4 40. Nb4 Kf7 41.
Nc6 a5 42. Nb8 Ne5 43. Kf2 Kf6 44. Ke3 Kxf5 45. b3 g5 46. Na6 g4 47. Nc7 g3 48.
a4 Kg4 49. Nd5 Kh3 50. Ke2 Kh2 51. Ne3 g2 52. Nxg2 Kxg2 53. Ke3 Nd7 54. Kd4 Kf3
55. b4 axb4 56. Kc4 Ke4 57. Kxb4 Kd5 58. Kb5 Kd6 59. a5 bxa5 60. Kxa5 1/2-1/2

[Event "chess.com SpeedChess Q1Sw"]
[Site "chess.com INT"]
[Date "2022.11.10"]
[Round "1"]
[White "Samadov, Read"]
[Black "Bibilashvili, Lali"]
[Result "1-0"]
[WhiteTitle "FM"]
[BlackTitle "WCM"]
[WhiteElo "2450"]
[BlackElo "1919"]
[WhiteFideId "13417444"]
[BlackFideId "13604236"]
[EventDate "2022.11.10"]

1. d4 Nf6 2. c4 g6 3. g3 Bg7 4. Bg2 d6 5. Nc3 O-O 6. Nf3 Nbd7 7. O-O e5 8. e4
Re8 9. h3 c6 10. Re1 exd4 11. Nxd4 Nc5 12. Qc2 a5 13. Be3 a4 14. Rad1 Qa5 15. a3
Nfd7 16. Na2 Ne5 17. Nb4 Ne6 18. Ne2 Bf8 19. f4 Nd7 20. Kh2 Nec5 21. Nc3 Nb6 22.
Nb1 f5 23. Nd2 fxe4 24. Nxe4 Bf5 25. Nf6+ Kf7 26. Qc3 Re6 27. Bd4 Bg7 28. Rxe6
Nxe6 29. Bxb6 Qxb6 30. Nd7 Qf2 31. Qd2 Qxd2 32. Rxd2 Nxf4 33. Nb6 Nxg2 34. Nxa8
Ne3 35. Re2 Nxc4 36. Nc7 Nxb2 37. Ne8 Be5 38. Nc7 Nc4 39. Kg2 Nxa3 40. g4 Bb1
41. Na8 Nc4 42. Re1 Na3 43. Nb6 c5 44. N4d5 Ke6 45. Nf4+ Kf6 46. Nfd5+ Kg7 47.
Nxa4 b5 48. Nab6 b4 49. Nd7 b3 50. Nxe5 dxe5 51. Rxe5 Nc4 52. Re7+ Kf8 53. Re1
Bd3 54. Nc3 b2 55. Rd1 Bc2 56. Rd8+ Ke7 57. Rb8 1-0

[Event "chess.com SpeedChess Q1Sw"]
[Site "chess.com INT"]
[Date "2022.11.10"]
[Round "1"]
[White "Sattarov, Bobir"]
[Black "Svane, Rasmus"]
[Result "1/2-1/2"]
[BlackTitle "GM"]
[WhiteElo "2433"]
[BlackElo "2619"]
[WhiteFideId "14203081"]
[BlackFideId "4657101"]
[EventDate "2022.11.10"]

1. e4 c6 2. Nf3 d5 3. Nc3 dxe4 4. Nxe4 Nf6 5. Qe2 Nxe4 6. Qxe4 Qa5 7. b4 Qd5 8.
Bd3 Qxe4+ 9. Bxe4 a5 10. bxa5 Rxa5 11. O-O Nd7 12. d4 g6 13. Re1 Bg7 14. Bd3 e6
15. Bd2 Ra4 16. c3 O-O 17. Bc2 Ra3 18. Bb3 Rd8 19. Bg5 Re8 20. Ne5 c5 21. Rad1
cxd4 22. cxd4 Ra5 23. Bf4 Nb6 24. Ng4 h5 25. Ne3 Bd7 26. Bc7 Ra6 27. d5 exd5 28.
Nxd5 Rxe1+ 29. Rxe1 Nxd5 30. Bxd5 Be6 31. Bxe6 fxe6 32. Re2 Kf7 33. h4 b5 34. g3
b4 35. Kg2 Bc3 36. Bf4 Ke7 37. Kf3 Kd7 38. g4 hxg4+ 39. Kxg4 Ra5 40. Bg5 Rf5 41.
f4 Rd5 42. h5 gxh5+ 43. Kxh5 Rf5 44. Kg6 Kd6 45. Re3 Ra5 46. Re2 Kd7 47. Kf7
Rf5+ 48. Kg6 Kd6 49. Re3 Kd5 50. Rd3+ Ke4 51. Rd6 Ra5 52. Rxe6+ Kd3 53. f5 Rxa2
54. f6 Bxf6 55. Bxf6 Rg2+ 56. Kf7 b3 57. Rb6 Kc2 58. Rc6+ Kd2 59. Rb6 Kc2 60.
Ke6 Rg3 61. Be5 Re3 62. Kd5 Rxe5+ 63. Kxe5 b2 64. Rxb2+ Kxb2 1/2-1/2

[Event "chess.com SpeedChess Q1Sw"]
[Site "chess.com INT"]
[Date "2022.11.10"]
[Round "1"]
[White "Ter-Sahakyan, Samvel"]
[Black "Czerw, Dawid"]
[Result "1-0"]
[WhiteTitle "GM"]
[BlackTitle "FM"]
[WhiteElo "2605"]
[BlackElo "2373"]
[WhiteFideId "13302531"]
[BlackFideId "1145746"]
[EventDate "2022.11.10"]

1. d4 Nf6 2. c4 e6 3. Nf3 d5 4. Nc3 c6 5. Bg5 Nbd7 6. e3 Qa5 7. Nd2 Bb4 8. Qc2
Ne4 9. Ndxe4 dxe4 10. Bh4 Bxc3+ 11. bxc3 f5 12. Be2 O-O 13. O-O Nf6 14. Bg3 Qd8
15. a4 c5 16. Rfd1 Qe7 17. Qb2 g5 18. Qa3 Nd7 19. Be5 Nxe5 20. dxe5 b6 21. a5
Bb7 22. Rd6 Qg7 23. Rxe6 Bc8 24. Rd6 Qxe5 25. Rd5 Qe6 26. axb6 Qxb6 27. Rxc5 Be6
28. Rb5 Qc7 29. Qa6 Rf6 30. Rb7 Qe5 31. Rxa7 Raf8 32. Qb5 Qxc3 33. Qb7 R6f7 34.
Qb6 Rxa7 35. Qxa7 f4 36. Qd4 Qb4 37. Qxe4 Bf5 38. Qd5+ Kh8 39. Qd4+ Kg8 40. Bf3
Be6 41. Bd5 Bxd5 42. Qxd5+ Kh8 43. Qd4+ Kg8 44. exf4 gxf4 45. h3 f3 46. Ra7 Qb1+
47. Kh2 Qg6 48. Qg4 Qxg4 49. hxg4 fxg2 50. Kxg2 Rc8 51. Ra4 Kf7 52. Kg3 Ke6 53.
f4 Kd6 54. Ra7 Rxc4 55. Rxh7 Ke6 56. Rh5 Kf7 57. Rf5+ Kg6 58. Ra5 Rc1 59. Ra6+
Kg7 60. g5 Rg1+ 61. Kh4 Kh7 62. f5 Rh1+ 63. Kg4 Kg7 64. Ra7+ Kf8 65. f6 Rg1+ 66.
Kf5 Rf1+ 67. Kg6 Ke8 68. Ra8+ 1-0

[Event "chess.com SpeedChess Q1Sw"]
[Site "chess.com INT"]
[Date "2022.11.10"]
[Round "1"]
[White "Aditya, Mittal"]
[Black "Kazakov, Mikhail"]
[Result "0-1"]
[WhiteTitle "IM"]
[BlackTitle "GM"]
[WhiteElo "2486"]
[BlackElo "2513"]
[WhiteFideId "35042025"]
[BlackFideId "14102749"]
[EventDate "2022.11.10"]

1. d4 Nf6 2. c4 g6 3. Nc3 d5 4. cxd5 Nxd5 5. Bd2 Nxc3 6. Bxc3 Bg7 7. e4 c5 8. d5
Bxc3+ 9. bxc3 e6 10. Bb5+ Bd7 11. Bxd7+ Qxd7 12. Nf3 exd5 13. Qxd5 O-O 14. Rb1
Qxd5 15. exd5 b6 16. c4 Nd7 17. Kd2 Rfe8 18. Rhe1 Kf8 19. a4 Rxe1 20. Rxe1 Re8
21. Ra1 Rb8 22. h4 h6 23. Kd3 Ke7 24. Nd2 Ne5+ 25. Kc3 Nd7 26. Re1+ Kf8 27. Rb1
Re8 28. a5 Re2 29. axb6 axb6 30. Ra1 Rxf2 31. Ra8+ Kg7 32. g4 Ne5 33. g5 hxg5
34. hxg5 Rg2 35. Ne4 Rg4 36. Nf6 Rxg5 37. Ne8+ Kh6 38. d6 Rg3+ 39. Kc2 Rd3 40.
Rd8 Rd4 41. Nf6 Nxc4 42. d7 Ne5 43. Rh8+ Kg5 44. Nh7+ Kh6 45. Nf6+ Kg7 46. d8=Q
Rxd8 47. Rxd8 Kxf6 48. Rd6+ Kf5 49. Rxb6 f6 50. Rb5 c4 51. Kd2 Ke4 52. Rb6 f5
53. Rf6 g5 54. Ke2 g4 55. Rd6 f4 56. Kf2 g3+ 57. Kg2 Ng4 58. Rc6 Ne3+ 59. Kg1
Kf3 60. Rf6 c3 61. Rc6 c2 62. Rc3 Ke2 63. Rc6 f3 0-1

[Event "chess.com SpeedChess Q1Sw"]
[Site "chess.com INT"]
[Date "2022.11.10"]
[Round "1"]
[White "Deac, Bogdan-Daniel"]
[Black "Rohith, Krishna S"]
[Result "1-0"]
[WhiteTitle "GM"]
[BlackTitle "FM"]
[WhiteElo "2700"]
[BlackElo "2380"]
[WhiteFideId "1226380"]
[BlackFideId "46617051"]
[EventDate "2022.11.10"]

1. Nf3 Nf6 2. c4 e6 3. b3 b6 4. g3 Bb7 5. Bg2 Be7 6. Bb2 O-O 7. O-O c5 8. e3 d5
9. Qe2 Nc6 10. Rd1 d4 11. exd4 cxd4 12. d3 Qd7 13. Na3 Bc5 14. Nc2 Rfe8 15. Ne5
Nxe5 16. Qxe5 Bxg2 17. Kxg2 Qb7+ 18. f3 Nd7 19. Qe4 Qxe4 20. fxe4 e5 21. b4 Be7
22. Rf1 g6 23. g4 Nf8 24. Bc1 Ne6 25. Bd2 Kg7 26. Ne1 a5 27. b5 Bb4 28. Rd1 f6
29. Bc1 Rh8 30. Nf3 h6 31. h4 g5 32. h5 Rhc8 33. Kf2 a4 34. a3 Be7 35. Ke2 Nc5
36. Rf2 Nb3 37. Bb2 Bd6 38. Nh2 Be7 39. Nf1 Rf8 40. Ng3 Bd8 41. Nf5+ Kh7 42.
Rdf1 Ra7 43. Kd1 Rd7 44. Bc1 Nc5 45. Kc2 Rff7 46. Bd2 Rf8 47. Bb4 Rff7 48. Bxc5
bxc5 49. b6 Bxb6 50. Rb1 Ba5 51. Rb5 Be1 52. Rf1 Bc3 53. Rfb1 Ra7 54. Rxc5 Rab7
55. Rcb5 Rxb5 56. Rxb5 Rc7 57. Nd6 Rc6 58. Rb7+ Kg8 59. Nf5 Ra6 60. Nxh6+ Kh8
61. Nf5 Kg8 62. h6 Ba5 63. Rb8+ Kh7 64. Rb5 Bc3 65. Rb7+ Kh8 66. c5 Rc6 67. Rb8+
Kh7 68. Rb7+ Kg8 69. Ne7+ Kh8 70. Nxc6 Kg8 71. Ne7+ Kh8 72. Nf5 Kg8 73. c6 Kh8
74. c7 Kh7 75. c8=Q+ Kg6 76. Qg8# 1-0

[Event "chess.com SpeedChess Q1Sw"]
[Site "chess.com INT"]
[Date "2022.11.10"]
[Round "1"]
[White "Liyanage, Ranindu Dilshan"]
[Black "Pranav, V"]
[Result "1/2-1/2"]
[WhiteTitle "FM"]
[BlackTitle "IM"]
[WhiteElo "2331"]
[BlackElo "2548"]
[WhiteFideId "9915834"]
[BlackFideId "25060783"]
[EventDate "2022.11.10"]

1. d4 Nf6 2. Nc3 d5 3. Bf4 c5 4. e4 Nxe4 5. Nxe4 dxe4 6. dxc5 Qa5+ 7. c3 Qxc5 8.
Qa4+ Nc6 9. Qxe4 g6 10. Nf3 Bg7 11. Qe3 Qa5 12. Bc4 O-O 13. O-O Bg4 14. h3 Bxf3
15. Qxf3 Rad8 16. Rad1 e6 17. Bb3 Qb5 18. Rxd8 Rxd8 19. Rd1 Re8 20. Qe4 h5 21.
Rd7 Na5 22. Ba4 Qa6 23. Be5 Bxe5 24. Qxe5 Nc6 25. Qb5 Qxb5 26. Bxb5 Rb8 27. Bxc6
bxc6 28. b4 a5 29. bxa5 Ra8 30. Rc7 Rxa5 31. Rxc6 Rxa2 32. g3 Rc2 33. Kg2 Kg7
34. Kf3 Kf6 35. Rc4 e5 36. Rc7 Ke6 37. Ke3 Rc1 38. h4 f6 39. Rc6+ Kf5 40. Rc4 g5
41. Kf3 Rg1 42. hxg5 Kxg5 43. Rc8 Rc1 44. Rg8+ Kf5 45. Rc8 Rh1 46. Rh8 Kg5 47.
Rg8+ Kf5 48. Rh8 Kg6 49. Rg8+ Kf7 50. Rh8 Ke6 51. Rc8 Rc1 52. Ke3 Kf5 53. Kf3
Rd1 54. Rh8 Kg6 55. Rc8 Rd3+ 56. Ke2 e4 57. Rc4 f5 58. Rc8 Rd7 59. Rh8 Kg5 60.
Rg8+ Kf6 61. Rh8 Kg6 62. Rg8+ Kf6 63. Rh8 Rc7 64. Rxh5 Kg6 65. Rh8 Rxc3 66. Re8
Kf6 67. Kf1 Kg5 68. Kg2 Rc2 69. Rg8+ Kh6 70. Re8 Kg6 71. Re6+ Kf7 72. Re5 Kf6
73. Re8 Ra2 74. Kg1 Kg5 75. Rg8+ Kf6 76. Re8 Kf7 77. Re5 Kg6 78. Re8 Kg5 79.
Rg8+ Kf6 80. Re8 1/2-1/2

[Event "chess.com SpeedChess Q1Sw"]
[Site "chess.com INT"]
[Date "2022.11.10"]
[Round "1"]
[White "Nguyen Hong Nhung"]
[Black "Donchenko, Alexander"]
[Result "1-0"]
[WhiteTitle "WFM"]
[BlackTitle "GM"]
[WhiteElo "2003"]
[BlackElo "2645"]
[WhiteFideId "12412201"]
[BlackFideId "24603295"]
[EventDate "2022.11.10"]

1. e4 c6 2. d4 d5 3. Nc3 dxe4 4. Nxe4 Bf5 5. Ng3 Bg6 6. N1e2 Nf6 7. h4 h6 8. Nf4
Bh7 9. Bd3 Bxd3 10. Qxd3 e6 11. Bd2 Bd6 12. O-O-O Nbd7 13. Rde1 Qc7 14. Ngh5
O-O-O 15. Qf3 Rhg8 16. c3 Kb8 17. Nd3 Nxh5 18. Qxh5 c5 19. dxc5 Nxc5 20. Nxc5
Bxc5 21. Qf3 Qb6 22. Re2 Rd7 23. Qg3+ Bd6 24. Bf4 Rgd8 25. Rd1 Kc8 26. Red2 Bf8
27. Rxd7 Rxd7 28. Rxd7 Kxd7 29. Be3 Qa6 30. Qf3 Ke8 31. a3 Be7 32. g3 g5 33.
hxg5 Bxg5 34. Bxg5 hxg5 35. Kb1 Qf1+ 36. Ka2 Qc4+ 37. Kb1 Qf1+ 38. Ka2 Qc4+ 39.
Kb1 Qb5 40. Qe3 a6 41. Qd4 Ke7 42. a4 Qc6 43. Qb4+ Kf6 44. Qd4+ Kg6 45. Qd3+ f5
46. Qd4 Kh5 47. Kc2 a5 48. b3 Qf3 49. Kd2 Qc6 50. Qh8+ Kg4 51. Qd4+ Kf3 52. Qe3+
Kg2 53. Qxg5 Kxf2 54. Qe3+ Kg2 55. Ke2 Qd5 56. c4 Qd6 57. Qf2+ Kh3 58. Qf3 Qc6
59. Qf4 Qg2+ 60. Kd1 Qxg3 61. Qh6+ Kg2 62. Qxe6 Qxb3+ 63. Kd2 Qb2+ 64. Kd3 Qb1+
65. Kd4 f4 66. Qg4+ Kh1 67. Qf3+ Kg1 68. Qxf4 Qd1+ 69. Kc5 Qxa4 70. Qg3+ Kf1 71.
Qf3+ Ke1 72. Qxb7 Qa3+ 73. Kd4 a4 74. Qb1+ Kd2 75. c5 Qc3+ 76. Kd5 a3 77. Qa2+
Kd3 78. c6 Qb2 79. Qc4+ Kd2 80. c7 a2 81. c8=Q a1=Q 82. Qf4+ Kd1 83. Qcg4+ Qe2
84. Qxe2+ Kxe2 85. Qe5+ Kf3 86. Qxa1 1-0

[Event "chess.com SpeedChess Q1Sw"]
[Site "chess.com INT"]
[Date "2022.11.10"]
[Round "1"]
[White "Tan, Zhongyi"]
[Black "Terry, Renato"]
[Result "1-0"]
[WhiteTitle "GM"]
[BlackTitle "IM"]
[WhiteElo "2514"]
[BlackElo "2516"]
[WhiteFideId "8603642"]
[BlackFideId "3803457"]
[EventDate "2022.11.10"]

1. d4 d5 2. c4 dxc4 3. Nf3 Nf6 4. e3 e6 5. Bxc4 a6 6. a4 c5 7. O-O Nc6 8. Nc3
Be7 9. Qe2 O-O 10. Rd1 Qc7 11. h3 b6 12. d5 exd5 13. Nxd5 Nxd5 14. Bxd5 Bb7 15.
e4 Bf6 16. Be3 Rfe8 17. Rac1 a5 18. Nd2 Bxb2 19. Rb1 Be5 20. Nc4 Nb4 21. Bxb7
Qxb7 22. f4 Bc7 23. e5 Qc6 24. Nd6 Bxd6 25. Rxd6 Qxa4 26. Rxb6 Rac8 27. Qc4 Qd7
28. Ra1 Nd5 29. Rb3 a4 30. Rxa4 Nxe3 31. Rxe3 Red8 32. Kh2 Qf5 33. e6 fxe6 34.
Rxe6 Kh8 35. Re5 Qf8 36. Qe4 h6 37. Ra7 Ra8 38. Rxa8 Rxa8 39. Rxc5 Rd8 40. Re5
Qf7 41. f5 Qc7 42. Qf4 Qf7 43. Re6 Rf8 44. Re5 Qc7 45. Qg3 Qd6 46. h4 Qf6 47.
Rd5 Qf7 48. Rd4 Qf6 49. Rd7 Rg8 50. Qf4 Rf8 51. Qg4 Qe5+ 52. Kh3 Rxf5 53. Rxg7
Qc3+ 54. g3 Qxg7 55. Qxf5 Qe7 56. Qf4 Qe6+ 57. Qg4 Qe3 58. Qc8+ Kg7 59. Qd7+ Kh8
60. Qd6 Qc1 61. Qf6+ Kh7 62. h5 Qh1+ 63. Kg4 Qd1+ 64. Qf3 Qd4+ 65. Qf4 Qd1+ 66.
Kh4 Qh1+ 67. Kg4 Qd1+ 68. Qf3 Qd4+ 69. Kh3 Qd7+ 70. g4 Qd4 71. Qf5+ Kh8 72. Qf8+
Kh7 73. Qe7+ Kh8 74. Kg3 Kg8 75. Qe6+ Kh7 76. Kf3 Qd3+ 77. Qe3 Qf1+ 78. Kg3 Qc4
79. Qe7+ Kg8 80. Qe8+ Kg7 81. Qg6+ Kh8 82. Qxh6+ Kg8 83. Qg6+ Kh8 84. Qf6+ Kg8
85. Kh4 Qc1 86. Qg5+ Kh7 87. Qxc1 1-0

[Event "chess.com SpeedChess Q1Sw"]
[Site "chess.com INT"]
[Date "2022.11.10"]
[Round "2"]
[White "Czernikowska, Laura"]
[Black "Guseinov, Gadir"]
[Result "0-1"]
[WhiteTitle "WCM"]
[BlackTitle "GM"]
[WhiteElo "1559"]
[BlackElo "2661"]
[WhiteFideId "21805970"]
[BlackFideId "13401378"]
[EventDate "2022.11.10"]

1. c4 Nf6 2. d4 g6 3. Nc3 Bg7 4. e4 d6 5. f3 O-O 6. Be3 Nc6 7. Nge2 a6 8. Qd2
Bd7 9. g4 b5 10. Ng3 e5 11. d5 Nd4 12. Bxd4 exd4 13. Qxd4 Nxe4 14. Qd3 Nxc3 15.
bxc3 Re8+ 16. Be2 bxc4 17. Qxc4 Bb5 18. Qb3 Qe7 19. Qc2 Bxe2 20. Nxe2 Bxc3+ 21.
Qxc3 Qxe2# 0-1

[Event "chess.com SpeedChess Q1Sw"]
[Site "chess.com INT"]
[Date "2022.11.10"]
[Round "2"]
[White "Lewtak, Damian"]
[Black "Mamedyarov, Shakhriyar"]
[Result "0-1"]
[WhiteTitle "IM"]
[BlackTitle "GM"]
[WhiteElo "2385"]
[BlackElo "2741"]
[WhiteFideId "1141724"]
[BlackFideId "13401319"]
[EventDate "2022.11.10"]

1. e4 e5 2. Nf3 Nc6 3. Bb5 g6 4. Bxc6 dxc6 5. d4 exd4 6. Qxd4 Qxd4 7. Nxd4 Bg7
8. Nb3 f5 9. N1d2 fxe4 10. Nxe4 Bf5 11. Nbd2 O-O-O 12. f3 Nf6 13. Nxf6 Bxf6 14.
c3 Rhe8+ 15. Kf2 Bd3 16. Re1 Rxe1 17. Kxe1 Re8+ 18. Ne4 Bxe4 19. fxe4 Rxe4+ 20.
Kf2 a5 21. Kf3 Re1 0-1

[Event "chess.com SpeedChess Q1Sw"]
[Site "chess.com INT"]
[Date "2022.11.10"]
[Round "2"]
[White "Bibilashvili, Lali"]
[Black "Suder, Jakub"]
[Result "0-1"]
[WhiteTitle "WCM"]
[BlackTitle "FM"]
[WhiteElo "1919"]
[BlackElo "2244"]
[WhiteFideId "13604236"]
[BlackFideId "1195310"]
[EventDate "2022.11.10"]

1. c4 e6 2. g3 d5 3. cxd5 exd5 4. Bg2 Nf6 5. d4 c6 6. Bg5 Bf5 7. a3 Bd6 8. Nf3
O-O 9. O-O Nbd7 10. Nc3 Re8 11. e3 Qb6 12. Bxf6 Nxf6 13. b4 a5 14. b5 cxb5 15.
Qb3 b4 16. axb4 Qxb4 17. Rfb1 Bxb1 18. Rxb1 Qxb3 19. Rxb3 a4 20. Rxb7 a3 21. Na2
Reb8 22. Rxb8+ Rxb8 23. Nd2 Rb2 0-1

[Event "chess.com SpeedChess Q1Sw"]
[Site "chess.com INT"]
[Date "2022.11.10"]
[Round "2"]
[White "Svane, Rasmus"]
[Black "De Silva, L M S T"]
[Result "1-0"]
[WhiteTitle "GM"]
[BlackTitle "IM"]
[WhiteElo "2619"]
[BlackElo "2521"]
[WhiteFideId "4657101"]
[BlackFideId "9953698"]
[EventDate "2022.11.10"]

1. Nf3 Nf6 2. g3 b6 3. Bg2 Bb7 4. O-O g6 5. d4 Bg7 6. c4 e6 7. Nc3 Ne4 8. Nxe4
Bxe4 9. Bg5 f6 10. Bf4 O-O 11. Rc1 d6 12. Bh3 f5 13. Ng5 Qe7 14. Nxe4 fxe4 15.
Qc2 Bxd4 16. Qxe4 e5 17. Qxa8 c6 18. Bh6 Rd8 19. Bg2 Qc7 20. b4 1-0

[Event "chess.com SpeedChess Q1Sw"]
[Site "chess.com INT"]
[Date "2022.11.10"]
[Round "2"]
[White "Goltsev, Dmitry"]
[Black "Le, Tuan Minh"]
[Result "0-1"]
[WhiteTitle "FM"]
[BlackTitle "IM"]
[WhiteElo "2232"]
[BlackElo "2542"]
[WhiteFideId "24176710"]
[BlackFideId "12401153"]
[EventDate "2022.11.10"]

1. e4 c5 2. Nf3 Nf6 3. e5 Nd5 4. Nc3 e6 5. d4 Nc6 6. Nxd5 exd5 7. dxc5 Bxc5 8.
Qxd5 d6 9. Be3 Bxe3 10. fxe3 dxe5 11. Qxd8+ Kxd8 12. O-O-O+ Ke7 13. c3 Be6 14.
b3 Rac8 15. Kb2 f6 16. Bb5 a6 17. Bxc6 Rxc6 18. c4 Rhc8 19. Rd2 b5 20. cxb5 axb5
21. h3 g5 22. Rhd1 h5 23. Ne1 Bf5 24. Rd5 Rb8 25. Nd3 Be4 26. Rc5 Rd6 27. Nf2
Rxd1 28. Nxd1 Bxg2 29. Nc3 Bxh3 30. Nxb5 h4 31. a4 Bg2 32. Nc3 Rh8 33. a5 h3 34.
Ne2 h2 35. Rc1 h1=Q 36. Rxh1 Bxh1 37. Ng3 Bc6 38. b4 Ke6 39. Kc3 Bb5 40. Ne4
Rc8+ 41. Nc5+ Kd6 42. e4 Rxc5+ 43. bxc5+ Kxc5 0-1

[Event "chess.com SpeedChess Q1Sw"]
[Site "chess.com INT"]
[Date "2022.11.10"]
[Round "2"]
[White "Kravtsiv, Martyn"]
[Black "Aaditya, Dhingra"]
[Result "1-0"]
[WhiteTitle "GM"]
[BlackTitle "CM"]
[WhiteElo "2598"]
[BlackElo "2172"]
[WhiteFideId "14113147"]
[BlackFideId "25678191"]
[EventDate "2022.11.10"]

1. e4 c5 2. Nf3 e6 3. d4 cxd4 4. Nxd4 a6 5. Be2 Nf6 6. Nc3 Qc7 7. O-O b5 8. Bf3
e5 9. Bg5 Bb7 10. Nf5 b4 11. Bxf6 bxc3 12. Bxg7 Bxg7 13. Nxg7+ Kf8 14. Nf5 cxb2
15. Rb1 Nc6 16. Rxb2 Ne7 17. Rxb7 Qxb7 18. Qd6 1-0

[Event "chess.com SpeedChess Q1Sw"]
[Site "chess.com INT"]
[Date "2022.11.10"]
[Round "2"]
[White "Bordi, Kevin"]
[Black "Kostiukov, Alexandr"]
[Result "1-0"]
[WhiteElo "2288"]
[BlackElo "2271"]
[WhiteFideId "621862"]
[BlackFideId "14108100"]
[EventDate "2022.11.10"]

1. e4 c5 2. Nf3 g6 3. h4 h5 4. d4 cxd4 5. Qxd4 Nf6 6. e5 Nc6 7. Qa4 Ng4 8. Bf4
Bg7 9. Nc3 Qb6 10. O-O-O Nxf2 11. Nd5 Qd8 12. e6 d6 13. exf7+ Kxf7 14. Bc4 Ke8
15. Nxe7 Nxd1 16. Nxc6 Bxb2+ 17. Kxd1 bxc6 18. Qxc6+ Bd7 19. Qxd6 Bg4 20. Re1+ 1-0

[Event "chess.com SpeedChess Q1Sw"]
[Site "chess.com INT"]
[Date "2022.11.10"]
[Round "2"]
[White "Klukin, Kirill"]
[Black "Coelho, Ramyres Santana"]
[Result "1-0"]
[WhiteTitle "IM"]
[BlackTitle "WFM"]
[WhiteElo "2390"]
[BlackElo "1981"]
[WhiteFideId "24199273"]
[BlackFideId "2120690"]
[EventDate "2022.11.10"]

1. d4 Nf6 2. Nf3 g6 3. Bf4 Bg7 4. c4 Nh5 5. Bg5 c5 6. Nc3 cxd4 7. Nxd4 Qb6 8.
Nb3 h6 9. Nd5 hxg5 10. Nxb6 axb6 11. Qd2 Nf4 12. e3 Ne6 13. Be2 Nc6 14. h3 O-O
15. O-O f5 16. Bf3 Ne5 17. Bd5 g4 18. hxg4 fxg4 19. Nd4 Rf6 20. f4 gxf3 21. gxf3
Kf7 22. f4 Ng4 23. Nf3 d6 24. Qe2 Bd7 25. Ng5+ Kg8 26. Qxg4 1-0

[Event "chess.com SpeedChess Q1Sw"]
[Site "chess.com INT"]
[Date "2022.11.10"]
[Round "2"]
[White "Vantika, Agrawal"]
[Black "Samaganova, Aleksandra"]
[Result "1-0"]
[WhiteTitle "WGM"]
[BlackTitle "WFM"]
[WhiteElo "2362"]
[BlackElo "1884"]
[WhiteFideId "25050389"]
[BlackFideId "13800221"]
[EventDate "2022.11.10"]

1. e4 c5 2. Nf3 e6 3. g3 Nc6 4. Bg2 g6 5. d4 cxd4 6. Nxd4 Bg7 7. Nb5 Qa5+ 8.
N1c3 Bxc3+ 9. Nxc3 Nge7 10. O-O O-O 11. Bh6 Rd8 12. Re1 d6 13. h4 a6 14. Qf3 Qe5
15. Rad1 Nd4 16. Qd3 Nec6 17. Bg5 Rd7 18. a3 Qg7 19. Be3 e5 20. Nd5 Rb8 21. Bg5
h6 22. Nf6+ Kh8 23. Nxd7 Bxd7 24. Bc1 1-0

[Event "chess.com SpeedChess Q1Sw"]
[Site "chess.com INT"]
[Date "2022.11.10"]
[Round "2"]
[White "Guzman Moneo, Alberto"]
[Black "Naroditsky, Daniel"]
[Result "0-1"]
[WhiteTitle "CM"]
[BlackTitle "GM"]
[WhiteElo "2146"]
[BlackElo "2617"]
[WhiteFideId "2209616"]
[BlackFideId "2026961"]
[EventDate "2022.11.10"]

1. e4 c6 2. Nf3 d5 3. d3 Qc7 4. Nc3 dxe4 5. dxe4 e5 6. Bc4 b5 7. Bb3 h6 8. a4 b4
9. Nb1 Nf6 10. Nbd2 Nbd7 11. O-O Nc5 12. Re1 Be7 13. Bc4 O-O 14. Qe2 Bg4 15. h3
Bh5 16. g4 Bg6 17. Nh4 Bxe4 18. Nxe4 Nfxe4 19. Ng6 Rfe8 20. Nxe7+ Rxe7 21. Be3
Ne6 22. Qf3 N4g5 23. Qg2 Nf4 24. Bxf4 exf4 25. Rxe7 Qxe7 26. h4 f3 27. Qg3 Ne6
28. Qxf3 Qxh4 29. Bxe6 fxe6 30. Qxc6 Qxg4+ 31. Qg2 Qxg2+ 32. Kxg2 Rc8 33. Re1
Kf7 34. Re2 Rc5 35. b3 a5 36. f4 Kf6 37. Kf3 Kf5 38. Kg3 Rc3+ 39. Kh4 g5+ 40.
fxg5 hxg5+ 41. Kh5 Rh3# 0-1

[Event "chess.com SpeedChess Q1Sw"]
[Site "chess.com INT"]
[Date "2022.11.10"]
[Round "2"]
[White "Sihite, Chelsie Monica Ignesias"]
[Black "Koziorowicz, Michal"]
[Result "1-0"]
[WhiteTitle "WIM"]
[BlackTitle "FM"]
[WhiteElo "2266"]
[BlackElo "2296"]
[WhiteFideId "7101198"]
[BlackFideId "21809194"]
[EventDate "2022.11.10"]

1. e4 c5 2. Nf3 d6 3. d4 cxd4 4. Nxd4 Nf6 5. Nc3 g6 6. Bb5+ Bd7 7. Bxd7+ Nbxd7
8. O-O Bg7 9. h3 O-O 10. Be3 a6 11. f4 Rc8 12. Qf3 Nb6 13. Rad1 Nc4 14. Bc1 Qb6
15. Na4 Qa7 16. b3 b5 17. Nc3 Na5 18. Kh1 Nd7 19. Nde2 Rfe8 20. Be3 Qb7 21. Bd4
b4 22. Bxg7 Kxg7 23. Nd5 Rxc2 24. f5 Ne5 25. f6+ Kh8 26. Qe3 e6 27. Qh6 Rg8 28.
Ne7 Rcc8 29. Rxd6 Nac6 30. Nxc8 Qxc8 31. Rfd1 g5 32. Qh5 Rg6 33. Nd4 Nxd4 34.
R6xd4 Rg8 35. Qh6 Nc6 36. Rd7 Rg6 37. Qh5 Qg8 38. R1d6 Rxf6 39. Rxc6 Rf4 40.
Rcd6 Qg6 41. Rd8+ Kg7 42. Qxg6+ hxg6 43. Rd4 g4 44. hxg4 Rxg4 45. Rxb4 Kf6 46.
e5+ 1-0

[Event "chess.com SpeedChess Q1Sw"]
[Site "chess.com INT"]
[Date "2022.11.10"]
[Round "2"]
[White "Duda, Jan-Krzysztof"]
[Black "Durarbayli, Vasif"]
[Result "1-0"]
[WhiteTitle "GM"]
[BlackTitle "GM"]
[WhiteElo "2731"]
[BlackElo "2612"]
[WhiteFideId "1170546"]
[BlackFideId "13402935"]
[EventDate "2022.11.10"]

1. e4 c5 2. Nf3 d6 3. Bb5+ Nd7 4. c4 Nf6 5. Nc3 e6 6. O-O Be7 7. h3 O-O 8. d3
Nb6 9. Ba4 Nxa4 10. Qxa4 Bd7 11. Qc2 a6 12. Bf4 Bc6 13. Rfe1 b5 14. Rad1 e5 15.
Be3 Ne8 16. a3 Nc7 17. b4 f6 18. Rb1 Qd7 19. Rec1 Rfc8 20. Qb3 Ne6 21. Nd5 Bxd5
22. cxd5 Nd4 23. Bxd4 exd4 24. bxc5 dxc5 25. d6+ c4 26. dxc4 1-0